书目信息 |
| 题名: |
50天逐项突破N2
|
|
| 作者: | 李金凤 编著 | |
| 分册: | 听力篇 12天 | |
| 出版信息: | 大连 大连理工大学出版社 2018 |
|
| 页数: | 212页 | |
| 开本: | 26cm | |
| 丛书名: | ||
| 单 册: | ||
| 中图分类: | H360.41 , H369.9 | |
| 科图分类: | ||
| 主题词: | 日语--水平考试--自学参考资料 , 日语--听力--水平考试--自学参考资料 | |
| 电子资源: | ||
| ISBN: | 978-7-5685-1094-3 | |
| 000 | 01095nam0 2200289 450 | |
| 001 | 0104469356 | |
| 005 | 20180831161709.0 | |
| 010 | @a978-7-5685-1094-3@dCNY35.00 | |
| 100 | @a20180412d2018 em y0chiy0120 ea | |
| 101 | 0 | @achi@ajpn |
| 102 | @aCN@b210000 | |
| 105 | @ay zq 000yy | |
| 106 | @ar | |
| 200 | 1 | @a50天逐项突破N2@95 0 Tian Zhu Xiang Tu Po N 2 @i听力篇 12天@f李金凤编著@b专著 |
| 210 | @a大连@c大连理工大学出版社@d2018 | |
| 215 | @a212页@d26cm@e1光盘 | |
| 300 | @a优势日韩语 | |
| 300 | @a新日本语能力测试决胜备考用书/邢莉主编 | |
| 307 | @a附光盘:ISBN 978-7-88879-677-5 | |
| 330 | @a本书为N2单词篇,在开篇会对单词部分考试的内容、结构、分数和时间分配等进行介绍,并提供一套真题进行学前体验,配有解析。并对单词部分每一种考试题型进行细致剖析,从题型的介绍、技巧、真题再现,再到实战训练,全方位地让考生了解并掌握该题型。 | |
| 606 | 0 | @a日语@x水平考试@j自学参考资料 |
| 606 | 0 | @a日语@x听力@x水平考试@j自学参考资料 |
| 690 | @aH360.41@v5 | |
| 690 | @aH369.9@v5 | |
| 701 | 0 | @a李金凤@4编著@9li jin feng |
| 801 | 0 | @aCN@bAZmarc@c20230905 |
| 905 | @aBZT@dH360@e6@f5@sH360/6 | |
| 50天逐项突破N2.听力篇 12天/李金凤编著.-大连:大连理工大学出版社,2018 |
| 212页;26cm+1光盘 |
| 优势日韩语.-新日本语能力测试决胜备考用书/邢莉主编 |
| ISBN 978-7-5685-1094-3:CNY35.00 |
| 本书为N2单词篇,在开篇会对单词部分考试的内容、结构、分数和时间分配等进行介绍,并提供一套真题进行学前体验,配有解析。并对单词部分每一种考试题型进行细致剖析,从题型的介绍、技巧、真题再现,再到实战训练,全方位地让考生了解并掌握该题型。 |
| ● |
| 相关链接 |
|
|
|
正题名:50天逐项突破N2
索取号:H360/6
 
预约/预借
| 序号 | 登录号 | 条形码 | 馆藏地/架位号 | 状态 | 备注 |
| 1 | 2000005536 | 2000005536 | 旧书回溯/ [索取号:H360/6] | 在馆 | |
| 2 | 2000005537 | 2000005537 | 旧书回溯/ [索取号:H360/6] | 在馆 | |
| 3 | 2000005538 | 2000005538 | 旧书回溯/ [索取号:H360/6] | 在馆 | |
| 4 | 2000005539 | 2000005539 | 旧书回溯/ [索取号:H360/6] | 在馆 | |
| 5 | 2000005540 | 2000005540 | 旧书回溯/ [索取号:H360/6] | 在馆 |